Súčasné problémy spotrebiteľskej politiky

Spotrebiteľská politika Európskej únie. Stratégia spotrebiteľskej politiky EÚ na roky 2007-2013 - tri hlavné ciele. Pasivita spotrebiteľov na Slovensku. Skvalitnenie spotrebiteľského povedomia.

Na minha lista:
Detalhes bibliográficos
Autor principal: Dzurová, Mária
Outros Autores: Korčoková, Marína, 1970-
Formato: Capítulo de Livro
Idioma:eslovaco
Assuntos:
Tags: Adicionar Tag
Sem tags, seja o primeiro a adicionar uma tag!

MARC

LEADER 00000naa$a2200000$$$4500
001 0125354
005 20240522074920.6
041 0 |a slo 
044 |a CZ 
245 1 0 |a Súčasné problémy spotrebiteľskej politiky  |c Mária Dzurová, Marína Korčoková 
520 |a Spotrebiteľská politika Európskej únie. Stratégia spotrebiteľskej politiky EÚ na roky 2007-2013 - tri hlavné ciele. Pasivita spotrebiteľov na Slovensku. Skvalitnenie spotrebiteľského povedomia. 
610 2 0 |a politika spotrebiteľská 
610 2 0 |a spotrebitelia 
610 2 0 |a správanie spotrebiteľa 
610 2 0 |a Európska únia 
610 2 0 |a Slovensko 
100 1 |a Dzurová, Mária 
700 1 |a Korčoková, Marína, 1970-